00473nam a2200133 a 450000100100000000500170001000800410002704000250006824500460009326000580013930000200019795201050021799900170032200003198620200930063332.0110707s1961 dr 000 0 spa d aDO-SdBNPbspacBNPHU00aVenezuela's "democracy" under Betancourt. aDominican Republic :bDominican press society,c1961. a31 p. ;c23 cm. 0010718PDaPDbPDcCTd2011-07-07iLF1l0o p31986-10r2020-06-25w2020-06-25yLFPDZNo se presta c31477d31477